000
00330 a2200121 4500
001
ART_13061
005
20260410161735.0
008
260409a
245
1
0
_a
Gobierno
100
1
_a
Alemann, Roberto T.
700
1
_a
Botana, Natalio
773
0
_t
Ejecutivos de finanzas
_g
- Año 7, Nº 66 (jun. 1990)
_w
REV2863
999
_c
18209
_d
18209